000 00517nam a2200169Ia 4500
008 260520s2025 xx 000 0 und d
020 _a978-81-945292-6-2
041 _amar
082 _a954.035/GAT
100 _aगाठाळ, एस एस
245 _aआंबेडकरी चळवळीचा इतिहास
250 _a1st ed
260 _aओरंगाबाद
_bकैलाश प्रकाशन
_c2025
300 _a424p.
500 _aCat No: 15181
650 _aHISTORY OF INDIA
999 _c1221907
_d1221907